| 000 | 00349cam a2200133ua 4500 | ||
|---|---|---|---|
| 003 | OSt | ||
| 008 | 250814b |||||||| |||| 00| 0 eng d | ||
| 082 |
_a627.2 _bSRI/HA |
||
| 100 |
_aSrinivasan, R . _95576 |
||
| 245 | _aHarbour dock and tunnel engineering / | ||
| 260 |
_aNew Delhi : _bCharotar Book Stall , _c1966. |
||
| 300 | _a156 ; . | ||
| 942 | _cBK | ||
| 999 |
_c2727 _d2727 |
||